000 00306nam a22001457a 4500
020 _a81-264-0575-9
082 _a894.812.3
_bMAD/A
100 _aMADHAVIKUTTY
245 _aANTE CHERIYA KATHAKAL
260 _aKOTTAYAM
_bDC BOOKS
_c2003
300 _a58
520 _aNOVEL
650 _aNOVEL
942 _cBK
999 _c4978
_d4978